| 000 | 00912cam a22002891 4500 | ||
|---|---|---|---|
| 001 | 12622 | ||
| 003 | BD-RjUL | ||
| 005 | 20211208235328.0 | ||
| 008 | 140129t19651954nyua b 001 0 eng | ||
| 035 | _a(BD-RjUL)12671 | ||
| 035 | _a(OCoLC)1706926 | ||
| 040 |
_aDLC _cFMU _dOCoLC _dDLC _dBD-RjUL _beng |
||
| 041 | _aeng | ||
| 082 |
_a629.28 _bHIG 1965 |
||
| 245 | 1 | 0 |
_aHighway safety and driver education / _cedited by Leon Brody and Herbert J. Stack. |
| 260 |
_aNew York : _bPrentice-Hall, _cc1954 [1965]. |
||
| 300 |
_axvi, 464 p. : _billus. ; _c23 cm. |
||
| 490 | 0 | _aPrentice-Hall education series | |
| 504 | _aIncludes bibliography and index. | ||
| 650 | 0 |
_aAutomobile drivers. _939313 |
|
| 650 | 0 |
_aTraffic safety. _939315 |
|
| 700 | 1 |
_aBrody, Leon, _eed. _939316 |
|
| 700 | 1 |
_aStack, Herbert James, _d1892-1967, _ejoint ed. _939318 |
|
| 942 |
_2ddc _cBK |
||
| 999 |
_c12622 _d12622 |
||